|
|
|
|
| LEADER |
00000cam a2200000 7i4500 |
| 001 |
0000001265 |
| 005 |
20140331.0 |
| 020 |
0 |
0 |
|a 9251010463
|
| 090 |
0 |
0 |
|a FAO634.982
|b CAB 1981
|
| 245 |
0 |
0 |
|a CABLE logging system
|c prepared with the support of the FAO/Norway Government cooperative programme
|
| 260 |
0 |
0 |
|a Rome :
|b Food and Agriculture Organization of the United Nations ,
|c 1981
|
| 300 |
|
|
|a vi, 105 p. :
|b ill. ;
|c 28 cm.
|
| 500 |
0 |
0 |
|a Bibliography : [p.100-102]
|
| 650 |
0 |
0 |
|a Logging, Skyline
|
| 650 |
0 |
0 |
|a Logging
|x Technological innovations
|
| 650 |
0 |
0 |
|a LogginxMachinery
|
| 710 |
1 |
1 |
|a Food and Agriculture Organization of the United Nations (FAO)
|
| 998 |
|
|
|a JPSM
|
| 999 |
|
|
|a 0000002168
|b Monograph
|c Food and Agriculture Organization
|e Default branch
|